Countries Invaded by Japan - Statistics

General Stats
  • This quiz has been taken 123 times
  • The average score is 11 of 13
Answer Stats
Year Hint Country % Correct
1894 Other great power in Asia China
98%
1904 Empire led by a Tsar Russia
98%
1894 After invasion this country was annexed Korea
93%
1914 Allied with in WWII Germany
91%
1941 WWII invasion United States
90%
1895 Once called Formosa Taiwan
89%
1941 WWII invasion Thailand
86%
1939 Oversea regions of an European Country France
85%
1939 Landlocked Country Mongolia
84%
1941 WWII invasion United Kingdom
83%
1941 WWII invasion Vietnam
75%
1941 WWII invasion Netherlands
65%
1938 Northern neighbor of the following Soviet Union
57%
No matching quizzes found
Score Distribution
Percent of People with Each Score
Percentile by Number Answered
Your Score History
You have not taken this quiz